Účtovné zobrazenie majetkových cenných papierov v účtovníctve podnikov v Slovenskej republike diplomová práca

Gespeichert in:
Bibliographische Detailangaben
1. Verfasser: Lukáčová, Hana
Körperschaft: Fakulta hospodárskej informatiky EU. Katedra účtovníctva a audítorstva
Weitere Verfasser: Szász, Marek
Format: Buch
Sprache:Slowakisch
Veröffentlicht: Bratislava 2013
Tags: Tag hinzufügen
Keine Tags, Fügen Sie das erste Tag hinzu!

MARC

LEADER 00000nbm a2200000 4500
001 0171423
005 20161109102430.8
041 0 |a slo 
044 |a SK 
245 1 0 |a Účtovné zobrazenie majetkových cenných papierov v účtovníctve podnikov v Slovenskej republike  |b diplomová práca  |c Hana Lukáčová ; školiteľ: Marek Szász 
264 1 |a Bratislava  |c 2013 
300 |a 71 s. 
100 1 |a Lukáčová, Hana 
700 1 |a Szász, Marek 
710 2 |a Fakulta hospodárskej informatiky EU. Katedra účtovníctva a audítorstva